<?xml version="1.0" encoding="UTF-8"?><?xml-stylesheet type="text/xsl" href="static/style.xsl"?><OAI-PMH xmlns="http://www.openarchives.org/OAI/2.0/" xmlns:xsi="http://www.w3.org/2001/XMLSchema-instance" xsi:schemaLocation="http://www.openarchives.org/OAI/2.0/ http://www.openarchives.org/OAI/2.0/OAI-PMH.xsd"><responseDate>2026-06-07T19:15:57Z</responseDate><request verb="GetRecord" identifier="oai:docta.ucm.es:20.500.14352/135084" metadataPrefix="marc">https://docta.ucm.es/rest/oai/request</request><GetRecord><record><header><identifier>oai:docta.ucm.es:20.500.14352/135084</identifier><datestamp>2026-04-28T00:18:52Z</datestamp><setSpec>com_20.500.14352_14</setSpec><setSpec>col_20.500.14352_15</setSpec></header><metadata><record xmlns="http://www.loc.gov/MARC21/slim" xmlns:dcterms="http://purl.org/dc/terms/" xmlns:xsi="http://www.w3.org/2001/XMLSchema-instance" xmlns:doc="http://www.lyncode.com/xoai" xsi:schemaLocation="http://www.loc.gov/MARC21/slim http://www.loc.gov/standards/marcxml/schema/MARC21slim.xsd">
   <leader>00925njm 22002777a 4500</leader>
   <datafield ind2=" " ind1=" " tag="042">
      <subfield code="a">dc</subfield>
   </datafield>
   <datafield ind2=" " ind1=" " tag="720">
      <subfield code="a">Calaforra Faubel, Patricia Jara</subfield>
      <subfield code="e">author</subfield>
   </datafield>
   <datafield ind2=" " ind1=" " tag="720">
      <subfield code="a">Corcelles-Seuba, Mariona</subfield>
      <subfield code="e">author</subfield>
   </datafield>
   <datafield ind2=" " ind1=" " tag="720">
      <subfield code="a">Ribosa, Jesús</subfield>
      <subfield code="e">author</subfield>
   </datafield>
   <datafield ind2=" " ind1=" " tag="260">
      <subfield code="c">2026-04-16</subfield>
   </datafield>
   <datafield ind2=" " ind1=" " tag="520">
      <subfield code="a">Learning effective writing skills is a priority in secondary education due to its crucial role in academic success and lifelong development. This study evaluated the effectiveness of Reading and Writing in Pairs; a peer tutoring programme aimed at improving writing skills. Using a quasi-experimental pretest-posttest design, 90 secondary students were divided into an intervention group (45) and a comparison group (45). Both groups completed pre-post writing assessments and the Self-Efficacy for Writing Scale, while the intervention group also participated in a final learning perceptions survey. The intervention focused on the narrative genre, with peer tutoring sessions over six weeks (15 hours), including explicit genre and writing instruction. Results showed the intervention group outperformed the comparison group in writing performance (.001 &lt; p ≤ .029; .05 ≤ η²p ≤ .14), except for spelling (p = .875; η²p = .00), with no significant differences in writing self-efficacy (.137 ≤ p ≤ .324; .01 ≤ η²p ≤ .03). Students reported learning benefits, regardless of their role as tutor or tutee, and faced minimal difficulties. These findings suggest that the programme is effective for enhancing writing proficiency but may require more time to impact self-writing beliefs. Future interventions should emphasise tutor training and ensure active participation in tutor-tutee dynamics.</subfield>
   </datafield>
   <datafield ind1="8" ind2=" " tag="024">
      <subfield code="a">Corcelles-Seuba, M., Ribosa, J., &amp; Calaforra Faubel, PJ. (2026). Reading and Writing in Pairs: A Peer Tutoring Programme to Improve Writing Skills in Secondary Education. L1-Educational Studies in Language and Literature, 26(1), 1–33. https://doi.org/10.21248/l1esll.2026.26.1.1015</subfield>
   </datafield>
   <datafield ind1="8" ind2=" " tag="024">
      <subfield code="a">10.21248/l1esll.2026.26.1.1015</subfield>
   </datafield>
   <datafield ind1="8" ind2=" " tag="024">
      <subfield code="a">https://hdl.handle.net/20.500.14352/135084</subfield>
   </datafield>
   <datafield ind1="8" ind2=" " tag="024">
      <subfield code="a">https://doi.org/10.21248/l1esll.2026.26.1.1015</subfield>
   </datafield>
   <datafield ind1="8" ind2=" " tag="024">
      <subfield code="a">https://l1research.org/article/view/1015</subfield>
   </datafield>
   <datafield ind2="0" ind1="0" tag="245">
      <subfield code="a">Reading and Writing in Pairs: A Peer Tutoring Programme to Improve Writing Skills in Secondary Education</subfield>
   </datafield>
</record></metadata></record></GetRecord></OAI-PMH>